Novel Water Treatment and Separation Methods/ (Record no. 754860)
[ view plain ]
| 000 -LEADER | |
|---|---|
| fixed length control field | 00549nam a22001457a 4500 |
| 020 ## - INTERNATIONAL STANDARD BOOK NUMBER | |
| ISBN | 978-1-77188-578-2 |
| 082 ## - DEWEY DECIMAL CLASSIFICATION NUMBER | |
| Classification number | 628.166BHA/N |
| 245 ## - TITLE STATEMENT | |
| Title | Novel Water Treatment and Separation Methods/ |
| Statement of responsibility, etc | Ed by Bharat A Bhanvase, Rajendra P.Ugwekar and Raju b Mankar |
| 260 ## - PUBLICATION, DISTRIBUTION, ETC. (IMPRINT) | |
| Place of publication | .-Canada |
| Name of publisher | :Apple Academic Press |
| Year of publication | .2018 |
| 300 ## - PHYSICAL DESCRIPTION | |
| Number of Pages | 336p. |
| 650 ## - SUBJECT ADDED ENTRY--TOPICAL TERM | |
| Topical Term | Sewage Purification,water Purification,Extraction,Water Pollution |
| 700 ## - ADDED ENTRY--PERSONAL NAME | |
| Personal name | Bhanvase,Bharat A, Ugwekar,Rajendra P and Mankar,Raju B Ed |
| 942 ## - ADDED ENTRY ELEMENTS (KOHA) | |
| Source of classification or shelving scheme | Dewey Decimal Classification |
| Koha item type | Book |
| Withdrawn status | Lost status | Source of classification or shelving scheme | Damaged status | Not for loan | Home Library | Current Location | Shelving location | Date acquired | Full call number | Accession Number | Price effective from | Koha item type |
|---|---|---|---|---|---|---|---|---|---|---|---|---|
| Dewey Decimal Classification | Dept. of Aquatic Biology and Fisheries | Dept. of Aquatic Biology and Fisheries | General Stacks | 08/12/2025 | 628.166BHA/N | AQU6591 | 07/01/2026 | Book |
